The Politics of Resentment : British Columbia Regionalism and Canadian Unity /

Se examina el papel que jugó la región de Columbia Británica en la evolución de la unidad canadiense. Región que desde 1971 es provincia, recoge las políticas y las opiniones sobre el centralismo canadiense y su postura frente al nacionalismo de Quebec.

Guardado en:
Detalles Bibliográficos
Autor principal: Resnick, Philip (autor)
Formato: Libro
Idioma:Inglés
Publicado: Toronto, Canadá : University of British Columbia : Institute for Research on Public Policy, 2000, c2000
Temas:
Etiquetas: Agrega una etiqueta
Sin etiquetas, Sé el primero en etiquetar este registro!

MARC

LEADER 00000nam^a2200000^a^4500
001 000123199
005 20250521000000.0
009 20260310094530.874
020 |a 0-7748-0804-7 
037 |a Acervo ITESO - Biblioteca 
041 |a ING 
082 |a 320. 9711  |b RES 
100 |a Resnick, Philip  |e (autor) 
245 1 4 |a The Politics of Resentment :  |b British Columbia Regionalism and Canadian Unity /  |c P. Resnick. 
264 4 |a Toronto, Canadá :  |b University of British Columbia :  |b Institute for Research on Public Policy,  |c 2000, c2000 
300 |a 172 p. 
336 |a texto  |b txt  |2 rdacontenido 
337 |a sin mediación  |b n  |2 rdamedio 
338 |a volumen  |b nc  |2 rdasoporte 
520 |a Se examina el papel que jugó la región de Columbia Británica en la evolución de la unidad canadiense. Región que desde 1971 es provincia, recoge las políticas y las opiniones sobre el centralismo canadiense y su postura frente al nacionalismo de Quebec. 
649 |a XX 
650 |a Nacionalismo -  |z Canadá 
650 |a Regionalismo -  |z Canadá 
650 |a Autonomía Política -  |z Canadá 
650 |a Canadá -  |x Historia -  |y 1984-1993 
650 |a Canadá -  |x Historia -  |y 1993-2006 
650 |a Política -  |z Canadá 
910 |a Fondo General 
920 |a Impresos - Libros 
930 |a Colección General 
905 |a 101 
901 |a 0500056940  |b IT1  |c ACC  |u 20250521 
902 |a https://opac.biblio.iteso.mx/vufind/Record/000123199